00576 2200205 4500001002100000005001500021035002000036245009900056100002100155250000600176300003200182700001900214260003900233082000800272084001400280020002200294600002000316990001700336990001700353INLIS00000000000178320250813103243 a0010-08250000141 aKomik Hadist Anak 3 :bKeseharian di Pesantren /cDihyah Al-Haazim; Penyunting, Shinta Handini0 aDihyah Al-Haazim a- a123 hlm. :bilus. ;c21 cm.0 aShinta Handini aJakarta :bAl- Kautsar Kids,c2024 a813 a813 DIH k a978-602-1694-92-3 4aFiksi Indonesia a05373/P/2025 a05373/P/2025